Agrometeorology: A Simplified Textbook (Record no. 341695)
[ view plain ]
| 000 -LEADER | |
|---|---|
| fixed length control field | 00306nam a22001217a 4500 |
| 020 ## - INTERNATIONAL STANDARD BOOK NUMBER | |
| International Standard Book Number | 9789383305568 |
| 082 ## - DEWEY DECIMAL CLASSIFICATION NUMBER | |
| Classification number | 551.6 |
| Item number | KAT/AG |
| 100 ## - MAIN ENTRY--PERSONAL NAME | |
| Personal name | Kathiresan,G |
| 9 (RLIN) | 921 |
| 245 ## - TITLE STATEMENT | |
| Title | Agrometeorology: A Simplified Textbook |
| 260 ## - PUBLICATION, DISTRIBUTION, ETC. (IMPRINT) | |
| Place of publication, distribution, etc. | New India Publishing Agency |
| Name of publisher, distributor, etc. | New Delhi |
| Date of publication, distribution, etc. | 2015 |
| 300 ## - PHYSICAL DESCRIPTION | |
| Extent | 182 |
| 942 ## - ADDED ENTRY ELEMENTS (KOHA) | |
| Koha item type | Books (General) |
| Withdrawn status | Lost status | Damaged status | Not for loan | Collection code | Home library | Current library | Shelving location | Date acquired | Source of acquisition | Cost, normal purchase price | Total Checkouts | Full call number | Barcode | Date last seen | Price effective from | Koha item type |
|---|---|---|---|---|---|---|---|---|---|---|---|---|---|---|---|---|
| Kelappaji College of Agricultural Engineering & Technology Library, Tavanur | Kelappaji College of Agricultural Engineering & Technology Library, Tavanur | 14/07/2016 | Arunima Book Distributors,TVPM | 895.00 | 551.6 KAT/AG | KAU_KCAEFT-24804 | 14/07/2016 | 14/07/2016 | Books (General) | |||||||
| Kelappaji College of Agricultural Engineering & Technology Library, Tavanur | Kelappaji College of Agricultural Engineering & Technology Library, Tavanur | 18/07/2016 | Ganesh Book Centre | 895.00 | 551.6 KAT/AG | KAU_KCAEFT-24845 | 18/07/2016 | 18/07/2016 | Books (General) |
